000 00556nam a2200229Ia 4500
003 OSt
005 20221005122343.0
006 a|||||r|||| 00| 0
007 ta
008 221004b |||||||| |||| 00| 0 kan d
024 _a60128
037 _cTextual
040 _aCRL
_cCRL
_bkan
041 _2kan
_akan
082 _aO33,1F80:g, L5
100 _aSeetaramayya
_9631838
245 0 _aJanna
260 _c1975
650 _aKANNAD LITERATURE
942 _hO33,1F80:g, L5
_cTEXL
_2cc
999 _c1044020
_d1044020